Estudio arquitectónico comparativo de los monumentos arqueológicos de México (Record no. 8034)

MARC details
000 -CABECERA
campo de control de longitud fija 00760nam a2200229 a 4500
001 - NÚMERO DE CONTROL
campo de control BRCA_8366
005 - FECHA Y HORA DE LA ÚLTIMA TRANSACCIÓN
campo de control 20190320210242.0
008 - DATOS DE LONGITUD FIJA--INFORMACIÓN GENERAL
campo de control de longitud fija 290714s1928----mx-aedbf##---#000-0#spa-#
041 ## - CÓDIGO DE LENGUA
Código de lengua del texto/banda sonora o título independiente spa
044 ## - CÓDIGO DEL PAÍS DE LA ENTIDAD EDITORA/PRODUCTORA
Código MARC del país mx
050 #4 - SIGNATURA TOPOGRÁFICA DE LA BIBLIOTECA DEL CONGRESO
Número de clasificación F1219
Número de documento/Ítem .M37 1928
100 1# - ENTRADA PRINCIPAL--NOMBRE DE PERSONA
Nombre de persona Marquina, Ignacio
9 (RLIN) 20961
245 10 - MENCIÓN DE TÍTULO
Título Estudio arquitectónico comparativo de los monumentos arqueológicos de México
Mención de responsabilidad, etc. por Ignacio Marquina.
260 ## - PUBLICACIÓN, DISTRIBUCIÓN, ETC.
Lugar de publicación, distribución, etc. México
Nombre del editor, distribuidor, etc. SEP
Fecha de publicación, distribución, etc. 1928
300 ## - DESCRIPCIÓN FÍSICA
Extensión 86 p.
Otras características físicas il., planos, gráficas, mapas
Dimensiones 31 cm.
500 ## - NOTA GENERAL
Nota general Contribución de México al XXIII Congreso de Americanistas
500 ## - NOTA GENERAL
Nota general R102
650 14 - PUNTO DE ACCESO ADICIONAL DE MATERIA--TÉRMINO DE MATERIA
Término de materia o nombre geográfico como elemento de entrada Monumentos arqueológicos
Subdivisión de forma Estudio
Subdivisión geográfica México
9 (RLIN) 20962
650 14 - PUNTO DE ACCESO ADICIONAL DE MATERIA--TÉRMINO DE MATERIA
Término de materia o nombre geográfico como elemento de entrada Arquitectura prehispánica
Subdivisión de forma Estudio
Subdivisión geográfica México
9 (RLIN) 20963
902 ## - CATALOGADOR
Iniciales GFM
942 ## - ELEMENTOS DE PUNTO DE ACCESO ADICIONAL (KOHA)
Fuente del sistema de clasificación o colocación Library of Congress Classification
Tipo de ítem Koha Libros
Holdings
Estado de retiro Estado de pérdida Estado dañado No para préstamo Localización permanente Ubicación/localización actual Fecha de adquisición Número de inventario Total de préstamos Signatura topográfica completa Código de barras Fecha visto por última vez Precio válido a partir de Tipo de ítem Koha
El ejemplar forma parte de la colección y puede ser consultado según las políticas vigentes.       Biblioteca del Museo Franz Mayer (Rogerio Casas-Alatriste) Biblioteca del Museo Franz Mayer (Rogerio Casas-Alatriste) 29/07/2014 R102   F1219 .M37 1928 (R102) 8990 22/03/2019 22/03/2019 Libros